000 01148nam a2200229 a 4500
001 55976
005 20180714051522.0
008 140415s2010 sp 000 0 spa d
020 _a9788498724080
041 _aspa
082 _a306.695
_bJOH
100 1 _aJOHNSON, PAUL -JHONSON, PAUL
245 1 3 _aLA HISTORIA DE LOS JUDIOS.
250 _a1a ed.
260 _aESPAÑA :
_bEDICIONES B, S.A.,
_c2010.
300 _a946 ;
_c12.5 x 5.5 x 20.
490 _aZETA
520 _aDESDE EL DESCUBRIMIENTO DEL MONOTEISMO POR LOS ISRAELITAS HASTA SUS APORTACIONES EN LA CREACION Y EL DESARROLLO DEL CAPITALISMO, EL SOCIALISMO Y EL PSICOANALISIS, EL GENIO JUDIO SE PERCIBE EN TODAS LAS MANIFESTACIONES ARTISTICAS, CIENTIFICAS Y DEL PENSAMIENTO. EL HISTORIADOR PAUL JOHNSON SEÑALA ALGUNAS DE LAS CONTRADICCIOES INHERENTES AL HECHO DE SER JUDIO, COMO POR EJEMPLO, LA RACIONALIDAD FRENTE AL MISTICISMO Y OBSERVA UN PECULIAR NACIONALISMO, EXPRESADO YA EN EL LIBRO DE LOS MACABEO
650 1 4 _aIDENTIDAD CULTURAL
_xNACIONALISMO
_xISRAEL
_xJUDAISMO
_xPOLITICA Y RELIGION
700 1 _aLEAL,ANIBALI
_etr.
740 0 _aA HISTORY OF THE JEWS
999 _c55976
_d55976